Estadísticas para Prueba de Guatemala

Haz click aquí para tomar la prueba!

Estadísticas generales

  • Esta prueba ha sido tomada 278 veces
  • La puntuación promedio es 12 de 15

Estadísticas de respuestas

PistaRespuesta% Correcto
Idioma oficialEspañol
99%
Países limítrofesBelice
99%
Países limítrofesHonduras
99%
Países limítrofesMéxico
99%
CapitalCiudad de Guatemala
98%
Países limítrofesEl Salvador
98%
La civilización nativa conocida por las pirámides, los calendarios y la escrituraMaya
95%
Mar al este de GuatemalaMar Caribe
93%
País con cerca de 1,5 millones de emigrantes guatemaltecosEstados Unidos
91%
Gran península que incluye partes del norte de GuatemalaYucatan
86%
Cultivo básicoMaíz
75%
Moneda de Guatemala, llamada así por un pájaro verdeQuetzal
73%
Ciudad, conocida por su arquitectura colonial, cuya nombre comienza con AAntigua
49%
Antigua ciudad de esa civilización, también llamada Yax MutulTikal
39%
El volcán que entró en erupción en 2018, matando a 190Volcán de {Fuego}
39%

Distribución de puntuación

Porcentaje por número respondido

Porcentaje de gente con cada puntuación

Historial de tus puntuaciones

No has tomado esta prueba